MDQL
is popping MORE tags! Check the
thread
!
Quizzes
Events
Quiz Creation
Community
Videos
Private Events
Remove Ads
Sign In
Join for FREE
Feedback
Dark Mode
Quiz Categories
Sports
Geography
Music
Movies
Television
Just For Fun
Miscellaneous
History
Literature
Language
Science
Gaming
Entertainment
Religion
Holiday
For Kids
Quiz Lab
Recent
Popular Today
Quiz Kudos Today
Editor Picks
Curator Picks
Quizzes by...
Day
Popularity
Type
Ratings
Length
Year
Community
Subscriptions
Recent Discussions
Orange Saloon
Badges
Playlists
Quests
Create
Leaderboards
Showdown
Live 5
Trivia Bingo
Activity
Puzzle Library
Sporcle Events
Private Events
Virtual Trivia
Globe League
Become a Host
Pub Owners
SporcleCon
Opinionation
Our Games
Videos
Blog
Mobile Apps
Partnerships
Remove Ads and Go Orange
Feedback
Music
Pop Music
The Beatles
Song
Album
Lyrics
Bands
Singers
Artist
Clip
Rock
Rap
Classical
Billboard
Country Music
Kpop
Taylor Swift
Music
Pop Music
The Beatles
Song
Album
Lyrics
Bands
Singers
Artist
Clip
Rock
Rap
Classical
Billboard
Country Music
Kpop
Taylor Swift
Random Quiz
Search Sporcle
×
Quiz Lab
Quiz Lab
Music
Singers
Type in answers that appear in a list
Type in answers that appear in a list
Classic
Best Score? Go Orange.
The Hits of Shirley Bassey Stats
Can you name the songs by Shirley Bassey which have charted in the UK and US Top 100?
By
craggers
10m
37 Questions
71 Plays
71 Plays
71 Plays
Comments
Comments
Give Quiz Kudos
Give Quiz Kudos
-
- Ratings
hide this ad
More Info
Replay
Link that replays current quiz
Next Quiz
Link to next quiz in quiz playlist
You Got
0%
They Got
Avg Score
27%
Avg Friend Score
Upgrade to see
Score Distribution
Jump to the score distribution portion of the page
Score
0/37
Timer
10:00
0
Plays Today
Year (Highest Chart Position)
Title
% Correct
1964 (UK21 /
US8)
Goldfinger
90.1%
1972 (UK38 /
US 57)
Diamonds are Forever
87.3%
1967 (UK21)
Big Spender
71.8%
1997 (UK19)
History Repeating
54.9%
1970 (UK4 /
US55)
Something
52.1%
2007 (UK47)
Get the Party Started
50.7%
1957 (UK8)
The Banana Boat Song
42.3%
1961 (UK1)
Reach For The Stars - Climb Ev'ry Mountain (AA)
38%
1973 (UK8 /
US48)
Never, Never, Never (Grande, Grande, Grande)
38%
1960 (UK2)
As Long As He Needs Me
36.6%
1958 (UK3)
Kiss Me, Honey Honey, Kiss Me
35.2%
1963 (UK6)
I (Who Have Nothing)
33.8%
2007 (UK37)
The Living Tree
33.8%
1996 (UK41)
'Disco' La Passione
29.6%
1958 (UK1)
As I Love You
28.2%
1999 (UK35)
World in Union
28.2%
1987 (UK54)
The Rhythm Divine
23.9%
1962 (UK5)
What Now My Love?
22.5%
1971 (UK48)
The Fool on the Hill
21.1%
Year (Highest Chart Position)
Title
% Correct
2000 (UK100)
Where Do I Begin
20.5%
1960 (UK38)
With These Hands
18.3%
1963 (UK47)
What Kind of Fool Am I?
18.3%
1971 (UK6)
For All We Know
18.3%
1971 (UK34)
(Where Do I Begin) Love Story
15.5%
2005 (UK8 /
US43)
Diamonds from Sierra Leone
14.8%
1957 (UK30)
Fire Down Below
14.1%
1962 (UK21)
Tonight
12.7%
1961 (UK6)
You'll Never Know
11.3%
1961 (UK10)
I'll Get By (As Long As I Have You)
11.3%
1964 (UK36)
Gone
9.9%
1965 (UK35)
No Regrets
9.9%
1957 (UK29)
You You Romeo
8.5%
1962 (UK31)
Ave Maria
8.5%
1962 (UK24)
Far Away
7%
1964 (UK32)
My Special Dream
7%
1984 (UK86)
Sometimes
4.5%
1986 (UK86)
To All The Men I've Loved Before
4.5%
Quiz Playlist
Details
Report
Send in Message
Add To Playlist
More Info:
Includes all songs which have charted in the UK and US top 100 singles chart (solo, duets and collaborations).
Classic:
Type in answers that appear in a list
Last Updated: Feb 16, 2017
Quiz Scoreboard
CHALLENGE
Sign Up to Join the Scoreboard
Show All
Scores
Hide
Comments
May contain spoilers
Recently Published
1-10 Letter E Words III
by El_Dandy
Language
2m
Street Fighter Characters
by Artimus82
Gaming
60s
College Basketball Coaching Resumes
by pancakes188
Sports
9m
More to Explore
Quiz From the Vault
Featured Blog Post
Where Did the Easter Bunny Come From?
hide this ad
You Might Also Like...
Tags
Football Quiz
Singers Quiz
Bassey
chart
Chart Hits
hit
Hit Records
Hit Songs
Shirley
Shirley Bassey
Single
Today's Top Quizzes in Music
Browse Music
hide this ad
Today's Top Quizzes in Singers
Browse Singers
Top Contributed Quizzes in Music
1
Taylor Swift All Songs (2024)
2
Taylor Swift Logic Puzzle
3
Guess the Artist- 70s Songs
4
7-to-1: Billboard Hot 100 #1 Hits of 2010s
5
Sorting Albums and Songs
6
KPOP LOGIC QUIZ
7
Billboard Blitz: Aretha Franklin
8
Guess the Taylor Swift song (Mystery Song)
9
Guess The Taylor Swift Lyrics Song #1
10
Billboard Blitz: ABBA
Explore More
Trending Topics
NBA
Marvel
Kpop
Anime
Harry Potter
Crossword
Disney
Song
Pokémon
Soccer
NFL
Puzzle
WWE
The Office
Country
hide this ad
More By:
craggers
Quiz
Plays
Rating
Category
Featured
Created
James Bond Recurring Characters
2,275
4.70
Movies
May 1, 2010
Scottish Islands
2,203
4.67
Geography
Dec 15, 2009
Carry On Film Regulars
2,161
5.00
Movies
Nov 22, 2009
James Bond trivia
2,122
4.13
Entertainment
Dec 14, 2009
UK Number One Artists: The 1980s
1,904
5.00
Music
Nov 6, 2015
Go to Creator's Profile
Score Distribution
Quiz Creator Spotlight
craggers
Follow
Send a Message
Quizzes Created
-
Created Quiz Play Count
-
More By This Creator
Popular Quizzes Today
1
Find the US States - No Outlines Minefield
2
Find the Countries of Europe - No Outlines Minefield
3
The Countries of the World
4
Find the US States
5
Risky Map Clicking: Biggest States A-Z
6
US States
7
Popular People in 1961
8
Movies - When Are They Set?
More Music Quizzes
Kpop Artists on Album Covers
Quiz Lab
Trending Quizzes
Risky Map Clicking: Least Populous States A-Z
1-10 Letter G Words
USA Borders Longest to Shortest
1-10 Letter F Words
Countries of the World: 200 Million BC
Recently Updated
Leaping Animals
pecheneg
Reality TV Shows (A-Z)
bhenderson79
Rickey Henderson's Hall of Fame Teammates
pecheneg
Champions League XIs: Arsenal
pecheneg
Quick Pick: Celebrities in WWE's Hall of Fame
aduchscher
A-Z Keypad Blitz II
pecheneg
Multiple Oscar Actors
pecheneg
Mystery Phrase Blitz: Oscar 'Best Actors'
pecheneg
F. Scott Fitzgerald Novels
LTH
Pick 3 Villains
ddd62291
Trending Topics
Harry Potter
Marvel
Disney
Anime
NBA
Kpop
Crossword
Soccer
Puzzle
NFL
Country
Pokémon
The Office
Song
WWE
Your Account Isn't Verified!
In order to create a playlist on Sporcle, you need to verify the email address you used during registration. Go to your
Sporcle Settings
to finish the process.
Report this User
Report this user for behavior that violates our
Community Guidelines
.
Details:
Send Report
Go to the Sporcle.com Mobile Site →
Comments